Resoluciones de interés general de la Suprema Corte de Justicia 2006 / (Registro nro. 28422)
[ vista simple ]
| 000 -CABECERA | |
|---|---|
| campo de control de longitud fija | 00644nam a2200169 a 4500 |
| 001 - NÚMERO DE CONTROL | |
| campo de control | 000028930 |
| 005 - FECHA Y HORA DE LA ÚLTIMA TRANSACCIÓN | |
| campo de control | 20240229073823.0 |
| 008 - DATOS DE LONGITUD FIJA--INFORMACIÓN GENERAL | |
| campo de control de longitud fija | 110411s2007 dr 000 0 spa d |
| 040 ## - FUENTE DE LA CATALOGACIÓN | |
| Centro catalogador/agencia de origen | DO-SdBNP |
| Lengua de catalogación | spa |
| Centro/agencia transcriptor | BNPHU |
| 082 ## - NÚMERO DE LA CLASIFICACIÓN DECIMAL DEWEY | |
| Número de clasificación | xxxx |
| Número de documento/Ítem | R426r |
| 049 ## - FONDOS LOCALES (OCLC) | |
| Fondos de biblioteca | BNPD |
| 110 1# - ENTRADA PRINCIPAL--NOMBRE DE ENTIDAD CORPORATIVA | |
| Nombre de entidad corporativa o nombre de jurisdicción como elemento de entrada | República Dominicana. |
| Unidad subordinada | Suprema Corte de Justicia |
| 9 (RLIN) | 7906 |
| 245 10 - MENCIÓN DE TÍTULO | |
| Título | Resoluciones de interés general de la Suprema Corte de Justicia 2006 / |
| Mención de responsabilidad, etc. | presentación de Jorge A. Subero Isa. |
| 260 ## - PUBLICACIÓN, DISTRIBUCIÓN, ETC. | |
| Lugar de publicación, distribución, etc. | Santo Domingo : |
| Nombre del editor, distribuidor, etc. | Centro de Documentación e Información Judicial Domicano, |
| Fecha de publicación, distribución, etc. | 2007 |
| Fabricante | Editora Corripio |
| 300 ## - DESCRIPCIÓN FÍSICA | |
| Extensión | 88 p. ; |
| Dimensiones | 22 cm. |
| 700 1# - PUNTO DE ACCESO ADICIONAL--NOMBRE DE PERSONA | |
| Nombre de persona | Subero Isa, Jorge A., |
| Fechas asociadas al nombre | 1947- |
| 9 (RLIN) | 76863 |
| Estado de retiro | Estado de pérdida | Restricciones de uso | No para préstamo | Código de colección | Localización permanente | Ubicación/localización actual | Ubicación en estantería | Fecha de adquisición | Número de inventario | Total de préstamos | Signatura topográfica completa | Código de barras | Fecha visto por última vez | Número de copia | Precio válido a partir de | Tipo de ítem Koha |
|---|---|---|---|---|---|---|---|---|---|---|---|---|---|---|---|---|
| Dominicana de Servicio | General | General | En catalogación | 12.04.2011 | LF1 | xxxx R426r | 28930-30 | 25.06.2020 | e. 3 | 25.06.2020 | Libro y Folleto Colección Dominicana de Servicio | |||||
| Dominicana de Servicio | General | General | En catalogación | 25.04.2013 | LF1 | xxxx R426r | 28930-40 | 25.06.2020 | e. 4 | 25.06.2020 | Libro y Folleto Colección Dominicana de Servicio | |||||
| Excluido de préstamo | Patrimonio Dominicano | Patrimonio Dominicano | Patrimonio Dominicano | Depósito | 12.04.2011 | LF1 | xxxx R426r | 28930-10 | 25.06.2020 | 25.06.2020 | Libro y Folleto Colección Patrimonio Dominicano | |||||
| Excluido de préstamo | Patrimonio Dominicano | Patrimonio Dominicano | Patrimonio Dominicano | En catalogación | 12.04.2011 | LF1 | xxxx R426r | 28930-20 | 25.06.2020 | e. 2 | 25.06.2020 | Libro y Folleto Colección Patrimonio Dominicano |
